Взглядом кошки; Колдовская планета: сборник научной фантастики; пер. с англ.

Podrobná bibliografie
Hlavní autor: Нортон Э. Эндрю
Další autoři: Девис Е. А. (составитель)
Shrnutí:Исключено из фонда НТБ ТПУ
Jazyk:ruština
Vydáno: Москва, Кириллица, 1992
Edice:Современная фантастика
Médium: MixedMaterials Kniha
KOHA link:https://koha.lib.tpu.ru/cgi-bin/koha/opac-detail.pl?biblionumber=161153

MARC

LEADER 00000nam0a2200000 4500
001 161153
005 20231031155821.0
010 |a 5878800160 
020 |a RU  |b 92-31470 
035 |a (RuTPU)RU\TPU\book\174764 
090 |a 161153 
100 |a 20090604d1992 m y0rusy5003 ca 
101 1 |a rus  |c eng 
102 |a RU 
105 |a y z 000ay 
200 1 |a Взглядом кошки; Колдовская планета  |e сборник научной фантастики   |e пер. с англ.  |f Э. Нортон  |g сост. Е. А. Девис 
210 |a Москва  |c Кириллица  |d 1992 
215 |a 271,[1] с.  |d 17 см 
225 1 |a Современная фантастика 
333 |a Исключено из фонда НТБ ТПУ 
700 1 |a Нортон  |b Э.  |g Эндрю  |4 070 
702 1 |a Девис  |b Е. А.  |4 220 
801 0 |a RU  |b RuMRKP  |c 19950417  |g psbo 
801 1 |a RU  |b 63413507  |c 20090604  |g PSBO 
801 2 |a RU  |b 63413507  |c 20120412  |g PSBO 
942 |c BK